Leader xxxxxxxxxx
001 __ PCLIS00053906
005 __ 20220308112015.0
010 0_ |a986-146-286-4|b第一冊 : 平裝|dNT$240
010 0_ |a986-146-287-2|b第二冊 : 平裝|dNT$240
010 0_ |a986-146-288-0|b第三冊 : 平裝|dNT$240
100 __ |a20200417e20192006m y0chiy09 e
101 0_ |achi
102 __ |atw
105 __ |aa z 000ay
200 1_ |a絕代雙驕|f古龍著
205 __ |a古龍80週年紀念版
210 __ |a臺北市|c風雲時代|d2019.01[民108]
215 0_ |a5冊|d21公分
225 1_ |a古龍精品集|v6-8
300 __ |a著者本名熊耀華
339 __ |a館藏: 第1-3冊
681 __ |a857.9|b843
700 _0 |a古龍|f1938-1985|4著
801 _0 |atw|b內湖高中|c20200417
801 _2 |atw|b內湖高中|c20220308|gCCR
|